[Event "Kvika Reykjavik Open 2022"]
[Site "Reykjavik ISL"]
[Date "2022.04.11"]
[Round "8.13"]
[White "Peng, Li Min"]
[Black "Grieve, Harry"]
[Result "1/2-1/2"]
[WhiteTitle "IM"]
[BlackTitle "FM"]
[WhiteElo "2517"]
[BlackElo "2387"]
[WhiteFideId "14112620"]
[BlackFideId "426520"]
[EventDate "2022.04.06"]

1. d4 d5 2. c4 e6 3. Nc3 c6 4. e4 dxe4 5. Nxe4 Bb4+ 6. Nc3 e5 7. Be3 exd4 8.
Qxd4 Qxd4 9. Bxd4 Nf6 10. O-O-O Be6 11. Nf3 h6 12. a3 Be7 13. Bd3 Nbd7 14. Rhe1
O-O-O 15. Na4 c5 16. Bc3 Rhe8 1/2-1/2

[Event "Kvika Reykjavik Open 2022"]
[Site "Reykjavik ISL"]
[Date "2022.04.11"]
[Round "8.14"]
[White "Libiszewski, Fabien"]
[Black "Song, Julien"]
[Result "1-0"]
[WhiteTitle "GM"]
[BlackTitle "IM"]
[WhiteElo "2510"]
[BlackElo "2373"]
[WhiteFideId "616834"]
[BlackFideId "659487"]
[EventDate "2022.04.06"]

1. e4 e5 2. Nf3 Nf6 3. Nc3 Nc6 4. d4 exd4 5. Nxd4 Bb4 6. Nxc6 bxc6 7. Bd3 d5 8.
exd5 O-O 9. O-O cxd5 10. h3 h6 11. Qf3 Be6 12. Ne2 c5 13. c3 Ba5 14. Be3 Bb6 15.
Rad1 Qe7 16. Rfe1 Rad8 17. Ng3 Nd7 18. Bf4 Rfe8 19. Bc2 Qh4 20. Nf5 Qf6 21. Nd6
Re7 22. Qd3 Nf8 23. Be5 Qh4 24. Qf3 Nd7 25. Bg3 Qf6 26. Qh5 Qg5 27. Qxg5 hxg5
28. Rxd5 Bxd5 29. Rxe7 Kf8 30. Re1 Nf6 31. c4 Be6 32. b3 Nh5 33. Be5 Nf4 34. Ne4
Bf5 35. Bb1 Ba5 36. Bc3 Bxc3 37. Nxc3 Bxb1 38. Nxb1 Rd3 39. Kf1 a5 40. Rc1 Ke7
41. Nc3 Rd2 42. Re1+ Kd7 43. Rd1 Rxd1+ 44. Nxd1 Kd6 45. g3 Nd3 46. Nc3 Ke5 47.
Ke2 Nb4 48. Ke3 Nc2+ 49. Kd2 Nb4 50. a3 Nc6 51. Kd3 Nd4 52. Ne4 Nxb3 53. Nxg5 f5
54. Nf3+ Kf6 55. Kc2 a4 56. Nd2 Nd4+ 57. Kd3 Ke5 58. f4+ Kd6 59. Nb1 Nf3 60. Nc3
Ne1+ 61. Kd2 Nf3+ 62. Ke2 Nd4+ 63. Kd3 Nf3 64. Nxa4 Ne1+ 65. Kd2 Nf3+ 66. Ke2
Nd4+ 67. Kd3 Nc6 68. Nc3 Na5 69. g4 fxg4 70. Ne4+ Kc6 71. hxg4 g6 72. Nd2 Kd6
73. Kc3 Kc6 74. Nf3 Kd6 75. Ne5 1-0

[Event "Kvika Reykjavik Open 2022"]
[Site "Reykjavik ISL"]
[Date "2022.04.11"]
[Round "8.15"]
[White "Cummings, David H."]
[Black "Laurent-Paoli, Pierre"]
[Result "1/2-1/2"]
[WhiteTitle "IM"]
[BlackTitle "IM"]
[WhiteElo "2321"]
[BlackElo "2487"]
[WhiteFideId "2603578"]
[BlackFideId "26017962"]
[EventDate "2022.04.06"]

1. c4 e5 2. Nc3 d6 3. d4 exd4 4. Qxd4 Nc6 5. Qd2 Nf6 6. e4 g6 7. Bd3 Bg7 8. b3
O-O 9. Bb2 a6 10. Nge2 Ne5 11. Bc2 b5 12. cxb5 axb5 13. O-O b4 14. Nd1 Ba6 15.
f4 Ned7 16. Re1 Nc5 17. Nf2 Re8 18. Ng3 h5 19. a3 bxa3 20. Rxa3 h4 21. Nf1 Bb7
22. e5 dxe5 23. Rxa8 Bxa8 24. Qxd8 Rxd8 25. Bxe5 Nd5 26. Ne4 Ne6 27. Bxg7 Kxg7
28. g3 hxg3 29. hxg3 Nb4 30. Bb1 Bd5 31. Ned2 Nc5 32. Re3 Be6 33. Rc3 Nca6 34.
Be4 c5 35. Kf2 Na2 36. Rc2 N2b4 37. Rc3 f5 38. Bf3 Kf6 39. Be2 Rb8 40. Ne3 Rh8
41. Nef1 g5 42. fxg5+ Kxg5 43. Nf3+ Kf6 44. N1d2 Rd8 45. Bf1 Rd7 46. Be2 Rc7 47.
Rc1 Nb8 48. Rh1 Kg7 49. Ng5 Bg8 50. Rh7+ Bxh7 51. Ne6+ Kf6 52. Nxc7 N8c6 53. Na6
Nxa6 54. Bxa6 Ne5 55. Be2 Bg8 56. Ke3 Bd5 57. Kf4 Ng6+ 58. Ke3 Be6 59. Bc4 Bd7
60. Nf3 Bc6 61. Ne1 Ne5 62. Nd3 Nxd3 63. Bxd3 Bd5 64. Kf4 Bxb3 65. Bxf5 c4 66.
g4 c3 67. g5+ Kg7 68. Ke3 c2 69. Kd2 c1=Q+ 70. Kxc1 Be6 71. Bxe6 Kg6 72. Bf5+
Kxf5 73. g6 Kxg6 1/2-1/2

[Event "Kvika Reykjavik Open 2022"]
[Site "Reykjavik ISL"]
[Date "2022.04.11"]
[Round "8.16"]
[White "Adhiban, Baskaran"]
[Black "Large, Peter G"]
[Result "1/2-1/2"]
[WhiteTitle "GM"]
[BlackTitle "IM"]
[WhiteElo "2633"]
[BlackElo "2293"]
[WhiteFideId "5018471"]
[BlackFideId "400866"]
[EventDate "2022.04.06"]

1. d4 d5 2. c4 e6 3. Nc3 Be7 4. cxd5 exd5 5. Bf4 c6 6. e3 Bd6 7. Qf3 Nf6 8. h3
Bxf4 9. Qxf4 Nbd7 10. Bd3 Nf8 11. Nge2 Ng6 12. Qg3 Bd7 13. h4 Qb8 14. h5 Qxg3
15. Nxg3 Ne7 16. h6 g6 17. e4 O-O 18. e5 Ne8 19. f4 f6 20. O-O Nc7 21. Rae1 Rae8
22. b4 fxe5 23. dxe5 Bg4 24. Be2 Bc8 25. Bd3 Bg4 26. Be2 Bc8 27. Bd3 1/2-1/2

[Event "Kvika Reykjavik Open 2022"]
[Site "Reykjavik ISL"]
[Date "2022.04.11"]
[Round "8.17"]
[White "De Wachter, Matthias"]
[Black "Gupta, Abhijeet"]
[Result "0-1"]
[WhiteTitle "FM"]
[BlackTitle "GM"]
[WhiteElo "2295"]
[BlackElo "2616"]
[WhiteFideId "201839"]
[BlackFideId "5010608"]
[EventDate "2022.04.06"]

1. d4 Nf6 2. c4 e6 3. Nc3 Bb4 4. Qc2 d6 5. Bd2 O-O 6. a3 Bxc3 7. Bxc3 Nbd7 8. g3
c5 9. Bg2 cxd4 10. Bxd4 e5 11. Bc3 Qc7 12. b3 a5 13. a4 Nc5 14. Nf3 Qb6 15. Nd2
Bg4 16. Rb1 Bh5 17. e4 Qc6 18. f3 Qb6 19. Nf1 d5 20. cxd5 Nxd5 21. Bd2 Nb4 22.
Bxb4 Qxb4+ 23. Qd2 Nd3+ 24. Ke2 Qxe4+ 25. Qe3 Nf4+ 26. gxf4 Qxb1 27. fxe5 Rfe8 0-1

[Event "Kvika Reykjavik Open 2022"]
[Site "Reykjavik ISL"]
[Date "2022.04.11"]
[Round "8.18"]
[White "Mannion, Stephen R"]
[Black "Beerdsen, Thomas"]
[Result "0-1"]
[WhiteTitle "IM"]
[BlackTitle "IM"]
[WhiteElo "2245"]
[BlackElo "2496"]
[WhiteFideId "2400111"]
[BlackFideId "1030108"]
[EventDate "2022.04.06"]

1. e4 c5 2. Nf3 d6 3. d4 cxd4 4. Nxd4 Nf6 5. Nc3 a6 6. f4 e5 7. Nf3 Nbd7 8. a4
Qc7 9. Bd3 Be7 10. O-O O-O 11. Kh1 Nc5 12. Qe2 Re8 13. fxe5 dxe5 14. Bg5 Nxd3
15. cxd3 Be6 16. Nh4 Kh8 17. Nf5 Ng8 18. Be3 Rad8 19. Rf3 Bf8 20. a5 Rd7 21. Bb6
Qc6 22. d4 exd4 23. Nxd4 Qc8 24. Nxe6 Rxe6 25. Rd1 Rxd1+ 26. Qxd1 Nf6 27. Bd4
Be7 28. e5 Ng4 29. Rxf7 Nxe5 30. Rf5 Nc6 31. Bb6 Bd6 32. h3 h6 33. Rf1 Qe8 34.
Nd5 Re2 35. Qd3 Re1 36. Kg1 Qe5 37. Rxe1 Qxe1+ 0-1

[Event "Kvika Reykjavik Open 2022"]
[Site "Reykjavik ISL"]
[Date "2022.04.11"]
[Round "8.19"]
[White "Williams, Simon K"]
[Black "Valkama, Eero"]
[Result "1-0"]
[WhiteTitle "GM"]
[BlackTitle "FM"]
[WhiteElo "2464"]
[BlackElo "2244"]
[WhiteFideId "404454"]
[BlackFideId "507555"]
[EventDate "2022.04.06"]

1. d4 Nf6 2. c4 e6 3. Nf3 b6 4. g3 Bb7 5. Bg2 Be7 6. O-O O-O 7. Re1 Na6 8. a3 c5
9. d5 exd5 10. Nh4 Ne4 11. cxd5 Bxh4 12. Bxe4 Bf6 13. Qc2 g6 14. Nc3 d6 15. Bf4
Nc7 16. a4 Re8 17. Rad1 a6 18. Bg2 Be7 19. e4 Bf6 20. Qb3 b5 21. e5 dxe5 22. Be3
c4 23. Qa3 Qb8 24. Ne4 Nxd5 25. Rxd5 Be7 26. Bc5 Bxd5 27. Bxe7 Bxe4 28. Bxe4 Ra7
29. Bc5 Rc7 30. Bd6 Qc8 31. Bxc7 Qxc7 32. axb5 axb5 33. Rd1 f5 34. Bd5+ Kg7 35.
Qa6 Qc5 36. Qc6 Rc8 37. Qe6 e4 38. h4 Rc7 39. h5 b4 40. hxg6 hxg6 41. Qe5+ 1-0

[Event "Kvika Reykjavik Open 2022"]
[Site "Reykjavik ISL"]
[Date "2022.04.11"]
[Round "8.20"]
[White "Sowray, Peter J"]
[Black "Clarke, Brandon G I"]
[Result "0-1"]
[WhiteTitle "FM"]
[BlackTitle "IM"]
[WhiteElo "2243"]
[BlackElo "2436"]
[WhiteFideId "400971"]
[BlackFideId "400319"]
[EventDate "2022.04.06"]

1. d4 Nf6 2. c4 g6 3. Nc3 d5 4. Nf3 Bg7 5. cxd5 Nxd5 6. e4 Nxc3 7. bxc3 c5 8.
Be3 Qa5 9. Qd2 Nc6 10. Rb1 cxd4 11. cxd4 Qxd2+ 12. Kxd2 O-O 13. d5 Rd8 14. Bd3
Na5 15. Bf4 b6 16. Ke2 Nb7 17. Bb5 Nc5 18. Ke3 Bb7 19. Ne5 Nxe4 20. Nc6 Nc3 21.
Nxd8 Nxd5+ 22. Kf3 Rxd8 23. Kg3 Nc3 24. Rb4 a5 25. Rb3 Ne4+ 26. Kf3 Nc5+ 27. Kg3
Bd4 28. Re1 Nxb3 29. axb3 Bc5 30. Bc4 Kg7 31. Be5+ f6 32. Bc7 Rd7 0-1

[Event "Kvika Reykjavik Open 2022"]
[Site "Reykjavik ISL"]
[Date "2022.04.11"]
[Round "8.21"]
[White "Povah, Nigel E"]
[Black "Larkin, Vladyslav"]
[Result "0-1"]
[WhiteTitle "IM"]
[BlackTitle "IM"]
[WhiteElo "2216"]
[BlackElo "2424"]
[WhiteFideId "400467"]
[BlackFideId "14152894"]
[EventDate "2022.04.06"]

1. d4 Nf6 2. Bf4 c5 3. d5 b5 4. f3 d6 5. e4 a6 6. a4 b4 7. Nd2 e6 8. Bc4 exd5 9.
exd5 Be7 10. Ne2 Nbd7 11. a5 Nh5 12. Be3 Ne5 13. O-O Bd7 14. Nc1 Nf6 15. Re1 Qc7
16. Bf4 Ng6 17. Bg3 O-O 18. Nd3 Bb5 19. f4 Qd7 20. Qf3 Qf5 21. b3 h5 22. Nf1
Bxc4 23. bxc4 h4 24. Ne3 Qe4 25. Qxe4 Nxe4 26. Nf5 Bf6 27. Rac1 Nd2 28. Bf2 Rfd8
29. Ne3 h3 30. Re2 Bc3 31. Be1 Re8 32. f5 Nf8 33. Bxd2 Bxd2 34. Rxd2 Rxe3 35.
Re1 Rxe1+ 36. Nxe1 Re8 37. Nd3 hxg2 38. Rf2 Nd7 39. Kxg2 Re4 40. Nb2 Ne5 0-1

[Event "Kvika Reykjavik Open 2022"]
[Site "Reykjavik ISL"]
[Date "2022.04.11"]
[Round "8.22"]
[White "Thorhallsson, Throstur"]
[Black "Mai, Alexander Oliver"]
[Result "1-0"]
[WhiteTitle "GM"]
[WhiteElo "2422"]
[BlackElo "2177"]
[WhiteFideId "2300109"]
[BlackFideId "2313391"]
[EventDate "2022.04.06"]

1. e4 c5 2. Nf3 d6 3. d4 cxd4 4. Nxd4 Nf6 5. Nc3 a6 6. a4 e5 7. Nb3 Be7 8. Be2
O-O 9. Be3 Nc6 10. O-O Nb4 11. Bg5 Be6 12. Re1 Rc8 13. Bf1 Qc7 14. Nc1 Rfd8 15.
Nd3 Nc6 16. Rc1 Qa5 17. Bd2 Qc7 18. Bg5 Qa5 19. Bd2 Qc7 20. h3 d5 21. exd5 Nxd5
22. Nxd5 Bxd5 23. Bc3 f6 24. Qg4 Bd6 25. Rcd1 Qf7 26. Nc1 Ne7 27. Rd2 h5 28. Qd1
Bc5 29. Nd3 Bd6 30. Bb4 Bxb4 31. Nxb4 a5 32. Nxd5 Rxd5 33. Rxd5 Nxd5 34. c3 Nb6
35. Re3 Nc4 36. Re2 Rc6 37. Qd8+ Qf8 38. Qd5+ Qf7 39. Qd8+ Qf8 40. Qd3 Qf7 41.
b3 Nd6 42. c4 Qe6 43. Rd2 b6 44. Qf3 e4 45. Qxh5 e3 46. Rd5 exf2+ 47. Kxf2 Rc8
48. Bd3 f5 49. Qf3 Re8 50. Kg1 g6 51. Kh2 Nf7 52. Qf4 Qe1 53. c5 Ne5 54. cxb6
Kg7 55. Qd4 Kf7 56. b7 Nf3+ 57. gxf3 Qd2+ 58. Kg3 Qg5+ 59. Qg4 Qe3 60. Rxf5+
gxf5 61. Qxf5+ Kg7 62. Qg6+ Kf8 63. Qf6+ Kg8 64. Bc4+ Kh7 65. Qf7+ Kh8 66. Qh5+
Kg7 67. Qg4+ Kh8 68. Qf4 Qe1+ 69. Kg4 Qg1+ 70. Kh5 Qc5+ 71. Qg5 Qd6 72. Qh6+
Qxh6+ 73. Kxh6 Re6+ 74. Kg5 Rb6 75. Bd5 Kg7 76. f4 Kf8 77. f5 Kg7 78. f6+ Kf8
79. h4 Ke8 80. h5 Kf8 81. h6 Rb4 82. b8=Q+ Rxb8 83. h7 1-0

[Event "Kvika Reykjavik Open 2022"]
[Site "Reykjavik ISL"]
[Date "2022.04.11"]
[Round "8.23"]
[White "Cherniack, Alex"]
[Black "Martin, Julian"]
[Result "1/2-1/2"]
[BlackTitle "IM"]
[WhiteElo "2213"]
[BlackElo "2385"]
[WhiteFideId "2007606"]
[BlackFideId "12941000"]
[EventDate "2022.04.06"]

1. e4 c5 2. Nf3 d6 3. d4 cxd4 4. Nxd4 Nf6 5. Nc3 a6 6. h3 e5 7. Nde2 h5 8. Bg5
Nbd7 9. Nd5 b5 10. Nec3 Bb7 11. Bd3 Be7 12. Nxe7 Qxe7 13. a3 Qe6 14. O-O O-O 15.
Qf3 Rac8 16. Rad1 Rc5 17. Rfe1 Rfc8 18. Bf1 Rxc3 19. bxc3 Nxe4 20. Rxe4 Qg6 21.
Qd3 Nc5 22. Rxe5 Nxd3 23. Bxd3 dxe5 24. Bxg6 fxg6 25. Rd8+ Rxd8 26. Bxd8 Kf7 27.
f3 Ke6 28. Kf2 Bd5 29. h4 Kf5 30. Ke3 e4 31. Bg5 Bb7 32. Bd8 Ke5 33. Bc7+ Kf5
34. Bd8 Bc6 35. Kf2 Ke5 36. Ke3 Kf5 37. Kf2 Kf4 38. Bc7+ Kf5 39. Bd8 Bd5 40. Ke3
Bb7 41. Kf2 exf3 42. gxf3 Ke5 43. Ke3 Kd5 44. f4 Kc4 45. Ba5 Bc8 46. Kd2 Kd5 47.
Bd8 Be6 48. Be7 Ke4 49. Bg5 Bc4 50. Kc1 Be6 51. Kd2 Kf3 52. Kd3 Bd7 53. c4 Bf5+
54. Kc3 bxc4 55. Kxc4 1/2-1/2

[Event "Kvika Reykjavik Open 2022"]
[Site "Reykjavik ISL"]
[Date "2022.04.11"]
[Round "8.24"]
[White "Vardaan, Nagpal"]
[Black "Domalchuk-Jonasson, Aleksandr"]
[Result "1/2-1/2"]
[WhiteTitle "IM"]
[WhiteElo "2372"]
[BlackElo "2169"]
[WhiteFideId "25089544"]
[BlackFideId "14142805"]
[EventDate "2022.04.06"]

1. d4 Nf6 2. c4 e6 3. Nf3 a6 4. Bg5 d5 5. e3 Be7 6. cxd5 exd5 7. Nc3 O-O 8. Bd3
Nbd7 9. Qc2 Re8 10. O-O Nf8 11. h3 g6 12. Ne5 Ne6 13. f4 c5 14. Qf2 cxd4 15.
exd4 Ng7 16. g4 Ne4 17. Nxe4 dxe4 18. Bc4 Rf8 19. Bxe7 Qxe7 20. Rae1 b5 21. Bb3
Qb7 22. Qe3 Be6 23. Bxe6 fxe6 24. Qxe4 Qxe4 25. Rxe4 Rac8 26. Nd7 Rfd8 27. Nc5
Rd6 28. b4 Kf7 29. Rfe1 Rc7 30. Kf2 h6 31. Ke3 Ra7 32. Kf2 a5 33. bxa5 Rxa5 34.
R1e2 Ra3 35. R4e3 Ra7 36. Rd2 Ne8 37. Rb3 Nc7 38. Ne4 Rda6 39. Nc3 Ra3 40. Rc2
Rxb3 41. axb3 Ra1 42. Ra2 Rc1 43. Ne2 Rc6 44. Ke1 g5 45. Kd2 Nd5 46. Ra1 gxf4
47. Nxf4 Nxf4 48. Rf1 Kf6 49. Rxf4+ Kg5 50. Re4 Kh4 51. g5+ Kxg5 52. Re5+ Kh4
53. Rxb5 Kxh3 54. Rh5+ Kg4 55. Rxh6 Kg5 56. Rh1 Kf6 57. Rh5 Ke7 58. Rc5 Ra6 59.
Kc3 Kd6 60. b4 Ra1 61. b5 Rb1 62. Kc4 Kd7 63. Rh5 Kc7 64. Re5 Kd6 65. Re3 Rd1
66. Rc3 Rb1 67. Rb3 Rc1+ 68. Kd3 Rh1 69. Rb2 Kd5 70. Rb4 Rh3+ 71. Kc2 e5 72.
dxe5 Kxe5 73. Rc4 Kd5 74. Rc8 Kd6 75. Kb2 Rg3 76. Rc6+ Kd7 77. Rc3 Rg5 78. Rb3
Kc7 79. Ka3 Kb6 80. Ka4 Rg4+ 1/2-1/2

[Event "Kvika Reykjavik Open 2022"]
[Site "Reykjavik ISL"]
[Date "2022.04.11"]
[Round "8.25"]
[White "Roe, Simon J"]
[Black "Sarkar, Justin"]
[Result "0-1"]
[BlackTitle "IM"]
[WhiteElo "2211"]
[BlackElo "2314"]
[WhiteFideId "401471"]
[BlackFideId "2010011"]
[EventDate "2022.04.06"]

1. Nf3 d5 2. c4 d4 3. e3 c5 4. b4 dxe3 5. fxe3 cxb4 6. d4 Nf6 7. Be2 Bf5 8. O-O
e6 9. a3 Nc6 10. c5 bxa3 11. Nxa3 Be7 12. Nc4 O-O 13. Bd2 Ne4 14. Be1 Qd5 15.
Qc1 Bf6 16. Bh4 g5 17. Bg3 Nxg3 18. hxg3 g4 19. Nh4 Nxd4 20. exd4 Qxd4+ 21. Qe3
Qxe3+ 22. Nxe3 Bd4 23. Nxf5 exf5 24. Rxf5 Bxa1 25. Nxg4 Rac8 26. Kh2 Kh8 27. Bd3
Rc7 28. Rh5 f6 29. Nh6 Be5 30. Kh3 Rd8 31. Bc4 Rd1 32. Kh2 Rxc5 33. Be2 Re1 34.
Bf3 Rcc1 0-1

[Event "Kvika Reykjavik Open 2022"]
[Site "Reykjavik ISL"]
[Date "2022.04.11"]
[Round "8.26"]
[White "Kolbus, Dietmar"]
[Black "Marie, Maxime"]
[Result "1-0"]
[WhiteTitle "IM"]
[BlackTitle "CM"]
[WhiteElo "2312"]
[BlackElo "2150"]
[WhiteFideId "4610628"]
[BlackFideId "625590"]
[EventDate "2022.04.06"]

1. c4 c6 2. Nf3 d5 3. b3 Bg4 4. Bb2 Nf6 5. e3 e6 6. Be2 Nbd7 7. O-O Bd6 8. d4
O-O 9. Ne5 Bf5 10. Nd2 a5 11. a3 h6 12. c5 Bc7 13. b4 Nxe5 14. dxe5 Nd7 15. f4
b6 16. Nb3 bxc5 17. Nxc5 Nxc5 18. bxc5 a4 19. Bd4 f6 20. exf6 gxf6 21. Bg4 Bxg4
22. Qxg4+ Kf7 23. Qh5+ Ke7 24. Qxh6 Rf7 25. Rab1 Kd7 26. Qg6 Qf8 27. Rb7 Rb8 28.
Rfb1 Rxb7 29. Rxb7 Kc8 30. Qb1 e5 31. Ra7 Kd7 32. Qf5+ Ke8 33. Qc8+ Bd8 34.
Qxc6+ 1-0

[Event "Kvika Reykjavik Open 2022"]
[Site "Reykjavik ISL"]
[Date "2022.04.11"]
[Round "8.27"]
[White "Bjornsson, Sigurbjorn"]
[Black "Mahajan, Rushaan"]
[Result "1-0"]
[WhiteTitle "FM"]
[BlackTitle "CM"]
[WhiteElo "2306"]
[BlackElo "2101"]
[WhiteFideId "2300974"]
[BlackFideId "30934222"]
[EventDate "2022.04.06"]

1. e4 c6 2. d4 d5 3. e5 c5 4. dxc5 e6 5. a3 Bxc5 6. b4 Be7 7. Nf3 a5 8. b5 Nd7
9. c4 dxc4 10. Bxc4 Qc7 11. Qe2 Nb6 12. Nbd2 Bd7 13. a4 Rc8 14. Bb3 Nh6 15. O-O
O-O 16. Ne4 Ng4 17. Bb2 Nd5 18. Rac1 Qb8 19. h3 Nh6 20. Qd2 Nf5 21. Bxd5 exd5
22. Qxd5 Be6 23. Qd2 Bb4 24. Qf4 h6 25. g4 Ne7 26. Nf6+ Kh8 27. Nh5 Ng6 28. Qe3
Rxc1 29. Rxc1 Qd8 30. Nf6 Qb8 31. Ne4 Rd8 32. Nd6 Kg8 33. Nf5 Rd5 34. Qe4 Qd8
35. Ne3 Rd7 36. Nd4 Bd2 37. Nxe6 fxe6 38. Qxg6 Bxe3 39. Qxe6+ Kh8 40. fxe3 Rd1+
41. Rxd1 Qxd1+ 42. Kf2 Qd2+ 43. Kf3 Qd1+ 44. Ke4 Qc2+ 45. Kd5 Qxb2 46. Qc8+ Kh7
47. Qc4 Qd2+ 48. Qd4 Qa2+ 49. Kd6 Qh2 50. Qe4+ Kh8 51. Qxb7 Qxh3 52. Qa8+ Kh7
53. Qe4+ Kh8 54. b6 Qf1 55. b7 Qf8+ 56. Kc6 Qe8+ 57. Kb6 Qd8+ 58. Ka7 h5 59.
b8=Q 1-0

[Event "Kvika Reykjavik Open 2022"]
[Site "Reykjavik ISL"]
[Date "2022.04.11"]
[Round "8.28"]
[White "Soham, Das"]
[Black "Vemparala, Nikash"]
[Result "1-0"]
[WhiteTitle "IM"]
[WhiteElo "2303"]
[BlackElo "1923"]
[WhiteFideId "35026763"]
[BlackFideId "30960967"]
[EventDate "2022.04.06"]

1. d4 d5 2. Nc3 Nf6 3. Bf4 c6 4. e3 Bf5 5. f3 e6 6. g4 Bg6 7. h4 h6 8. Qd2 Bd6
9. Nh3 Qc7 10. Bxd6 Qxd6 11. Nf4 e5 12. Nxg6 fxg6 13. dxe5 Qxe5 14. O-O-O Nbd7
15. Bd3 Nf8 16. f4 Qc7 17. g5 N6d7 18. e4 dxe4 19. Nxe4 O-O-O 20. Be2 Kb8 21.
Bg4 Re8 22. Nd6 Re7 23. Rhe1 Qd8 24. Rxe7 Qxe7 25. Re1 1-0

[Event "Kvika Reykjavik Open 2022"]
[Site "Reykjavik ISL"]
[Date "2022.04.11"]
[Round "8.29"]
[White "Dougherty, Michael"]
[Black "Minko, Dmitry"]
[Result "0-1"]
[WhiteTitle "FM"]
[BlackTitle "CM"]
[WhiteElo "2066"]
[BlackElo "2298"]
[WhiteFideId "2601559"]
[BlackFideId "24188468"]
[EventDate "2022.04.06"]

1. d4 d5 2. Nf3 Nf6 3. c4 e6 4. Nc3 Be7 5. Bg5 O-O 6. Qc2 Nbd7 7. e3 a6 8. cxd5
exd5 9. Bd3 c6 10. O-O h6 11. Bf4 Re8 12. a3 Bf8 13. h3 a5 14. Rae1 b5 15. e4 b4
16. axb4 axb4 17. Nxd5 cxd5 18. Bc7 b3 19. Qc6 Nb8 20. Qb6 Qd7 21. Bxb8 Ba6 22.
Ne5 Qc8 23. Bxa6 Rxa6 24. Qb5 Ra8 25. Nc6 Rxb8 26. Nxb8 Qxb8 27. Qxb8 Rxb8 28.
exd5 Rb4 29. Ra1 Rxd4 30. Ra8 g5 31. Rc1 Kg7 32. Rc3 Rd1+ 33. Kh2 Bd6+ 34. g3
Rd2 35. Rf3 g4 36. hxg4 Nxg4+ 37. Kg2 Rxb2 38. Ra7 Ne5 39. Rc3 Rb1 40. Rb7 b2
41. f4 Ng4 42. Rcb3 Rd1 43. Rxb2 Rxd5 44. R2b5 Rd2+ 45. Kf3 Nf6 46. Ra7 Rd3+ 47.
Ke2 Rxg3 48. Rbb7 Kg6 49. Rxf7 Rh3 50. Rg7+ Kf5 51. Rgf7 Bxf4 52. Ra4 Be5 53.
Ra6 h5 54. Kf2 h4 55. Rfxf6+ Bxf6 56. Kg2 Rb3 57. Ra4 h3+ 58. Kh1 Be5 0-1

[Event "Kvika Reykjavik Open 2022"]
[Site "Reykjavik ISL"]
[Date "2022.04.11"]
[Round "8.30"]
[White "Stefansson, Vignir Vatnar"]
[Black "Galow, Michael"]
[Result "1-0"]
[WhiteTitle "IM"]
[WhiteElo "2501"]
[BlackElo "1740"]
[WhiteFideId "2308649"]
[BlackFideId "16234596"]
[EventDate "2022.04.06"]

1. d4 f5 2. c4 e6 3. g3 Nf6 4. Bg2 Be7 5. Nf3 O-O 6. O-O d6 7. Nc3 Ne4 8. Nxe4
fxe4 9. Nd2 d5 10. f3 Nc6 11. e3 exf3 12. Nxf3 Bf6 13. b3 dxc4 14. Ba3 Re8 15.
Rc1 e5 16. d5 Ne7 17. bxc4 e4 18. Nd4 Bg5 19. Qb3 Kh8 20. Rf2 Ng8 21. Rcf1 Nf6
22. h3 a5 23. Nf5 a4 24. Qc3 Bxf5 25. Rxf5 Nd7 26. Kh2 Bf6 27. Qc2 Be7 28. Bb2
Bf6 29. Bxf6 Nxf6 30. Qb2 b6 31. Rxf6 gxf6 32. Rxf6 Kg8 33. Rf4 h5 34. Rf6 Kh7
35. Rf7+ Kh6 36. Qg7# 1-0

[Event "Kvika Reykjavik Open 2022"]
[Site "Reykjavik ISL"]
[Date "2022.04.11"]
[Round "8.31"]
[White "Johannsson, Birkir Isak"]
[Black "Thorfinnsson, Bjorn"]
[Result "1/2-1/2"]
[BlackTitle "IM"]
[WhiteElo "2117"]
[BlackElo "2381"]
[WhiteFideId "2314673"]
[BlackFideId "2300982"]
[EventDate "2022.04.06"]

1. d4 f5 2. g3 e6 3. Bg2 Nf6 4. c4 d5 5. Nh3 c6 6. O-O b5 7. cxb5 cxb5 8. Nd2
Nc6 9. Nf3 Qb6 10. Nf4 Bd6 11. b3 Bd7 12. Bb2 O-O 13. Nd3 Rfc8 14. Rc1 Rc7 15.
Nde5 Rac8 16. Nxc6 Rxc6 17. Qd3 Qa5 18. Ne5 Rxc1 19. Bxc1 Be8 20. Qb1 Qc3 21.
Bb2 Qc2 22. Bf3 b4 23. Qa1 Qc7 24. Rc1 Qb8 25. a3 bxa3 26. Bxa3 Rxc1+ 27. Qxc1
Bxe5 28. dxe5 Qxe5 29. Qc5 h6 30. Qxa7 Bb5 31. Qa5 Kh7 32. Bc1 Be8 33. Qd2 Qd6
34. Bg2 Bb5 35. Bb2 Qa6 36. Bf3 Qa2 37. Qc3 Qb1+ 38. Qc1 Qxc1+ 39. Bxc1 g5 40.
Bb2 Kg6 41. e3 g4 42. Bd1 Nd7 43. f4 Nc5 1/2-1/2

[Event "Kvika Reykjavik Open 2022"]
[Site "Reykjavik ISL"]
[Date "2022.04.11"]
[Round "8.32"]
[White "Hedman, Erik"]
[Black "Karlsson, Mikael Johann"]
[Result "1/2-1/2"]
[WhiteTitle "IM"]
[WhiteElo "2362"]
[BlackElo "2119"]
[WhiteFideId "1702351"]
[BlackFideId "2305194"]
[EventDate "2022.04.06"]

1. Nf3 Nf6 2. g3 b6 3. Bg2 Bb7 4. O-O c5 5. d3 d5 6. c4 e6 7. cxd5 Nxd5 8. d4
Nc6 9. a3 Rc8 10. Re1 Be7 11. dxc5 Bxc5 12. b4 Be7 13. e4 Nc7 14. Qb3 O-O 15.
Bb2 Qe8 16. Nbd2 b5 17. Ne5 Na8 18. Ndf3 Nb6 19. Rad1 Nxe5 20. Nxe5 Rc7 21. Bf1
a6 22. Bd4 Nd7 23. Nd3 Qa8 24. f3 Rfc8 25. Rc1 Rc4 26. Qb2 Rxc1 27. Nxc1 e5 28.
Be3 Qb8 29. Bh3 Rd8 30. Nd3 Bd6 31. Rd1 Bc8 32. Qf2 Nf8 33. Bf1 Bc7 34. Rc1 Ne6
35. h4 h6 36. Rc3 Nd4 37. Rc1 Bb6 38. Kg2 1/2-1/2

[Event "Kvika Reykjavik Open 2022"]
[Site "Reykjavik ISL"]
[Date "2022.04.11"]
[Round "8.33"]
[White "Rosen, Eric"]
[Black "Ritzka, Simon"]
[Result "1-0"]
[WhiteTitle "IM"]
[WhiteElo "2359"]
[BlackElo "2038"]
[WhiteFideId "2032562"]
[BlackFideId "12925390"]
[EventDate "2022.04.06"]

1. e4 e6 2. d4 d5 3. e5 c5 4. c3 Nc6 5. Nf3 Qb6 6. Bd3 cxd4 7. O-O Bd7 8. Re1
Nge7 9. h4 h6 10. a3 Nf5 11. b4 Rc8 12. Bb2 Be7 13. h5 Na5 14. cxd4 Nc4 15. Bc3
O-O 16. Ra2 Rc7 17. Nbd2 Nce3 18. Qb3 Ba4 19. Qxa4 Rxc3 20. Be2 Nxd4 21. Nxd4
Nxg2 22. Kxg2 Qxd4 23. Bd1 Qf4 24. b5 Qxa4 25. Bxa4 Rxa3 26. Rea1 Rxa2 27. Rxa2
Bb4 28. Rc2 Rd8 29. Nf3 a6 30. Rc7 axb5 31. Bxb5 b6 32. Nd4 Bc5 33. Nb3 Bb4 34.
Rb7 Bc5 35. Rc7 Bb4 36. Rc6 Rb8 37. f4 Kf8 38. Kf3 Ke7 39. Nd4 Bc5 40. Rxc5 1-0